000 00754nab a2200241 u 4500
001 16261
003 HDC
007 cr bn ---aaaaa
008 210220c20100127xx dr|noo 0 a eng d
040 _aHDC
245 0 _aIEAT opens halal centre
260 _a[No place] :
_b[publisher not identified],
_c2010
336 _atext
_2rdacontent
337 _acomputer
_2rdamedia
338 _aonline resource
_2rdacarrier
650 _aHalal centre
_916127
650 _aHalal food
_950
710 _aDagangHalal.com
856 _zRequest full-text at [email protected]
942 _2lcc
942 _cNEWS
942 _kNWSO 005666
999 _c13577
_d13577